书目信息 |
| 题名: |
文化批判理论的历史性建构
|
|
| 作者: | 姚明今 著 | |
| 分册: | ||
| 出版信息: | 北京 中国社会科学出版社 2017 |
|
| 页数: | 241页 | |
| 开本: | 24cm | |
| 丛书名: | ||
| 单 册: | ||
| 中图分类: | B089.1 , G0 | |
| 科图分类: | ||
| 主题词: | 法兰克福学派--fa lan ke fu xue pai--文化理论--研究 | |
| 电子资源: | ||
| ISBN: | 978-7-5161-7548-4 | |
| 000 | 01541nam0 22002891 450 | |
| 001 | 0119171351 | |
| 005 | 20170619171351.0 | |
| 010 | @a978-7-5161-7548-4@dCNY58.00 | |
| 100 | @a20170427d2017 em y0chiy50 ea | |
| 101 | 0 | @achi |
| 102 | @aCN@b110000 | |
| 105 | @ay az 000yy | |
| 106 | @ar | |
| 200 | 1 | @a文化批判理论的历史性建构@9wen hua pi pan li lun de li shi xing jian gou@e法兰克福学派文化理论的谱系性研究@dFrankfurt School's theory of cultural criticism and its logic construction@f姚明今著@zeng |
| 210 | @a北京@c中国社会科学出版社@d2017 | |
| 215 | @a241页@d24cm | |
| 314 | @a姚明今 (1971-),男,新疆石河子人,哲学博士,现任职于西安交通大学中文系。 | |
| 320 | @a有书目(第230-238页) | |
| 330 | @a本书梳理了法兰克福学派之于现代学术的意义与价值。虽然从组织上来讲,霍克海默与阿多诺无疑是这个学派的主要支柱,但本书的研究却从本雅明开始,本雅明理论中的神秘主义气息在某种程度上中和了法兰克福学派理论中理想与浪漫的色彩,这一点也使法兰克福学派与现代流行的历史性反思相互融合。从这种融合中衍生出的启蒙及大众化问题,在很长一段时间里将会主导现代社会各种研究的基本发展路径,抑或仅仅是以现代各种问题的前视域而存在。 | |
| 510 | 1 | @aFrankfurt School's theory of cultural criticism and its logic construction@zeng |
| 517 | 1 | @a法兰克福学派文化理论的谱系性研究@9fa lan ke fu xue pai wen hua li lun de pu xi xing yan jiu |
| 606 | 0 | @a法兰克福学派@9fa lan ke fu xue pai@x文化理论@x研究 |
| 690 | @aB089.1@v5 | |
| 690 | @aG0@v5 | |
| 701 | 0 | @a姚明今@9yao ming jin@f(1971-)@4著 |
| 801 | 0 | @aCN@b百万庄@c20170617 |
| 905 | @b1013301-6@dB089.1@e73@f6 | |
| 文化批判理论的历史性建构:法兰克福学派文化理论的谱系性研究=Frankfurt School's theory of cultural criticism and its logic construction/姚明今著.-北京:中国社会科学出版社,2017 |
| 241页;24cm |
| ISBN 978-7-5161-7548-4:CNY58.00 |
| 本书梳理了法兰克福学派之于现代学术的意义与价值。虽然从组织上来讲,霍克海默与阿多诺无疑是这个学派的主要支柱,但本书的研究却从本雅明开始,本雅明理论中的神秘主义气息在某种程度上中和了法兰克福学派理论中理想与浪漫的色彩,这一点也使法兰克福学派与现代流行的历史性反思相互融合。从这种融合中衍生出的启蒙及大众化问题,在很长一段时间里将会主导现代社会各种研究的基本发展路径,抑或仅仅是以现代各种问题的前视域而存在。 |
| ● |
| 相关链接 |
|
|
|
|
正题名:文化批判理论的历史性建构
索取号:B089.1/73
 
预约/预借
| 序号 | 登录号 | 条形码 | 馆藏地/架位号 | 状态 | 备注 |
| 1 | 1013301 | 210133014 | 第一样本阅览室/ [索取号:B089.1/73] | 在馆 | |
| 2 | 1013302 | 210133023 | 教育系资料室/ [索取号:B089.1/73] | 在馆 | |
| 3 | 1013303 | 210133032 | 教育系资料室/ [索取号:B089.1/73] | 在馆 | |
| 4 | 1013304 | 210133041 | 教育系资料室/ [索取号:B089.1/73] | 在馆 | |
| 5 | 1013305 | 210133050 | 第一借阅区/ [索取号:B089.1/73] | 在馆 | |
| 6 | 1013306 | 210133069 | 第一借阅区/ [索取号:B089.1/73] | 在馆 |